Statistics for Top 10 most deadly animals on Earth.

Click here to take the quiz!

General Stats

  • This quiz has been taken 43 times
  • The average score is 4 of 10

Answer Stats

HintAnswer% Correct
1 Million peopleMosquitoes
80%
50,000 peoplesnakes
77%
25,000 peopledogs
66%
475,000 peoplehumans
63%
3,250 peopleScorpions
26%
10,000 peopleTsetse flies
26%
10,000 peopleFreshwater Snails
17%
2,000 peopleTapeworms
11%
2,500 peopleAscaris Roundworms
9%
10,000 peopleAssassin Bugs
9%

Score Distribution

Percentile by Number Answered

Percent of People with Each Score

Your Score History

You have not taken this quiz